I più grandi stadi di calcio d'Europa - Statistics

Statistiche generali
  • Questo quiz è stato fatto 102 volte
  • Il punteggio medio è 6 su 20
Statistiche sulle risposte
Paese Stadio Capacitá % Corretto
Italia San Siro 80,018
89%
Spagna Camp Nou 105,000
87%
Spagna Santiago Bernabéu 83,186
80%
Germania Allianz Arena 75,024
68%
Regno Unito Old Trafford 74,431
62%
Italia Stadio Olimpico 67,585
52%
Francia Stade de France 80,698
43%
Regno Unito Wembley Stadium 90,652
40%
Germania Signal Iduna Park(Westfalenstadion) 81,365
33%
Portogallo Estadio da Luz 64,642
23%
Germania Olympiastadion Berlin 74,461
22%
Francia Stade Vélodrome 67,394
19%
Ungheria Puskás Aréna 67,155
15%
Regno Unito London Stadium 68,013
4%
Turchia Atatürk Olympic Stadium 77,563
1%
Regno Unito Principality Stadium (Millennium Stadium) 73,952
1%
Russia Luzhniki Stadium 78,011
1%
Grecia Athens Olympic Stadium (OAKA) 72,080
0%
Spagna Metropolitano Stadium 70,460
0%
Ucraina NSC Olimpiyskiy 70,050
0%
Nessun quiz corrispondente trovato
Distribuzione punteggi
Percentuale di utenti per punteggio
Percentile per numero di risposta
I tuoi punteggi nel tempo
Non hai fatto questo quiz